[Event "Pereira Grajales Memorial"]
[Site "Pereira"]
[Date "2024.06.10"]
[Round "7"]
[White "Torres, Saulo de Jesus"]
[Black "Agudelo Rojas, Jhon Harrison"]
[Result "1-0"]
[WhiteElo "1817"]
[BlackElo "1600"]
[PlyCount "52"]
[EventDate "2024.06.07"]
[EventType "swiss"]
[EventRounds "7"]
[EventCountry "COL"]
[SourceTitle "CBM 220 Extra"]
[Source "ChessBase"]
[SourceDate "2024.07.31"]
[SourceVersion "1"]
[SourceVersionDate "2024.07.31"]
[SourceQuality "1"]

1. e4 c6 2. d4 d6 3. Nc3 g6 4. f4 f5 5. e5 dxe5 6. fxe5 Be6 7. Nf3 Bf7 8. Ng5 e6 9. Bc4 Qe7 10. Ne2 b5 11. Bb3 a5 12. a4 Nd7 13. Nxf7 Qxf7 14. Nf4 Qe7 15. Nxe6 Qh4+ 16. Kf1 Rc8 17. axb5 cxb5 18. Rxa5 Nh6 19. Bg5 Qe4 20. Nxf8 Nf7 21. Nxd7 Kxd7 22. Ra7+ Rc7 23. Rxc7+ Kxc7 24. Bxf7 h6 25. Bc1 Rd8 26. Kf2 Qxe5 1-0

[Event "Pereira Grajales Memorial"]
[Site "Pereira"]
[Date "2024.06.08"]
[Round "2"]
[White "Molano Castano, Juan David"]
[Black "Agudelo Rojas, Jhon Harrison"]
[Result "1/2-1/2"]
[WhiteElo "1732"]
[BlackElo "1600"]
[PlyCount "89"]
[EventDate "2024.06.07"]
[EventType "swiss"]
[EventRounds "7"]
[EventCountry "COL"]
[SourceTitle "CBM 220 Extra"]
[Source "ChessBase"]
[SourceDate "2024.07.31"]
[SourceVersion "1"]
[SourceVersionDate "2024.07.31"]
[SourceQuality "1"]

1. e4 c6 2. Nf3 d6 3. Nc3 g6 4. Bc4 e6 5. 0-0 d5 6. exd5 cxd5 7. Bb3 Ne7 8. d4 Nbc6 9. Bg5 Bg7 10. Re1 0-0 11. Ne2 b5 12. c3 Bb7 13. Nc1 Rc8 14. Nd3 h6 15. Bh4 g5 16. Bg3 Nf5 17. Be5 f6 18. Nc5 Qe7 19. Bg3 Nd8 20. Nxb7 Qxb7 21. Bc2 Nxg3 22. hxg3 f5 23. Ne5 Nc6 24. Qd3 Bxe5 25. dxe5 Ne7 26. g4 Qc6 27. gxf5 Rxf5 28. Re3 Qc5 29. Qe2 Rf4 30. Rd1 Rcf8 31. Qd3 Nf5 32. g3 d4 33. b4 Qc4 34. Bb3 Qc6 35. gxf4 dxe3 36. fxe3 gxf4 37. exf4 Qb6+ 38. Kh1 Qb7+ 39. Kh2 Qf7 40. Rg1+ Kh8 41. Qf3 Rd8 42. Qg4 Rd2+ 43. Kh3 Rd3+ 44. Kh2 Rd2+ 45. Kh3 1/2-1/2